| 000 | 00330nam a2200121Ia 4500 | ||
|---|---|---|---|
| 008 | 230907s9999||||xx |||||||||||||| ||und|| | ||
| 082 |
_a657 _bBHA, |
||
| 100 |
_aBhattacharyya, Asish k. _957168 |
||
| 245 | 0 | _aEssentials of financial accounting | |
| 260 |
_aPHI Learning _bNew Dlehi _c2012 |
||
| 300 | _axxii, 689 p. : | ||
| 942 | _cBK | ||
| 999 |
_c596391 _d596391 |
||